[Event "POL-chT3 Dolnoslaskie 1314"]
[Site "Poland"]
[Date "2014.01.19"]
[Round "7.10"]
[White "Mikolajczyk, Andrzej"]
[Black "Borowski, Przemyslaw"]
[Result "1-0"]
[WhiteElo "1708"]
[BlackElo "1663"]
[PlyCount "73"]
[EventDate "2013.10.20"]
[EventType "team-tourn"]
[EventRounds "11"]
[EventCountry "POL"]
[SourceTitle "EXT 2018"]
[Source "ChessBase"]
[SourceDate "2017.10.13"]
[SourceVersion "1"]
[SourceVersionDate "2017.10.13"]
[SourceQuality "1"]
[WhiteTeam "Walbrzych WOK"]
[BlackTeam "Zarow Goniec"]
[WhiteTeamCountry "POL"]
[BlackTeamCountry "POL"]

1. e4 c5 2. Nf3 d6 3. d4 cxd4 4. Nxd4 Nf6 5. Nc3 a6 6. f3 e6 7. Be3 Qc7 8. Qd2 Nbd7 9. 0-0-0 b5 10. g4 Nc5 11. g5 Nfd7 12. Kb1 b4 13. Nce2 Ne5 14. Ng3 Na4 15. f4 Nc4 16. Bxc4 Qxc4 17. Nb3 a5 18. Bd4 Bb7 19. Rhe1 Qc7 20. h4 Nb6 21. Bxb6 Qxb6 22. f5 a4 23. Nc1 0-0-0 24. Nd3 d5 25. fxe6 fxe6 26. exd5 Bxd5 27. Qe3 Qc7 28. Ne2 Bd6 29. Nef4 Qc4 30. Nxd5 exd5 31. b3 Qxh4 32. Qe6+ Kb8 33. Qxd5 a3 34. Re4 Qh5 35. Rf1 Bc7 36. Rxb4+ Kc8 37. Qe6+ 1-0

[Event "Polanica Zdroj op-D 49th"]
[Site "Polanica Zdroj"]
[Date "2013.08.22"]
[Round "6"]
[White "Frej, Zofia"]
[Black "Mikolajczyk, Andrzej"]
[Result "1/2-1/2"]
[WhiteElo "1571"]
[BlackElo "1753"]
[PlyCount "60"]
[EventDate "2013.08.17"]
[EventType "swiss"]
[EventRounds "9"]
[EventCountry "POL"]
[SourceTitle "EXT 2014"]
[Source "ChessBase"]
[SourceDate "2013.11.20"]
[SourceVersion "1"]
[SourceVersionDate "2013.11.20"]
[SourceQuality "1"]

1. d4 Nf6 2. Nf3 e6 3. e3 d5 4. Bd3 Bd6 5. b3 0-0 6. Bb2 b6 7. 0-0 Bb7 8. Ne5 Qe7 9. Nd2 Bxe5 10. dxe5 Ne4 11. Nf3 c5 12. Qe2 Nc6 13. Rfd1 Rfd8 14. Bxe4 dxe4 15. Nd2 Qc7 16. Nxe4 Nxe5 17. Ng3 Qc6 18. f3 Ng6 19. Rd2 Rxd2 20. Qxd2 Qd5 21. Rd1 Rd8 22. Ne4 Qxd2 23. Rxd2 Rxd2 24. Nxd2 Ne7 25. c4 f6 26. Kf2 Kf7 27. Bc3 Nc6 28. a3 e5 29. g3 Ke6 30. Ne4 Ne7 1/2-1/2

[Event "Polanica Zdroj op-D 48th"]
[Site "Polanica Zdroj"]
[Date "2012.08.26"]
[Round "9"]
[White "Mikolajczyk, Andrzej"]
[Black "Budnik, Mateusz"]
[Result "1/2-1/2"]
[WhiteElo "1778"]
[BlackElo "1660"]
[PlyCount "95"]
[EventDate "2012.08.18"]
[EventType "swiss"]
[EventRounds "9"]
[EventCountry "POL"]
[SourceTitle "EXT 2014"]
[Source "ChessBase"]
[SourceDate "2013.11.20"]
[SourceVersion "1"]
[SourceVersionDate "2013.11.20"]
[SourceQuality "1"]

1. d4 Nf6 2. c4 c5 3. e3 cxd4 4. exd4 d5 5. Nf3 Nc6 6. h3 g6 7. Nc3 Bg7 8. Be3 0-0 9. Rc1 e6 10. b3 dxc4 11. bxc4 Re8 12. Be2 h6 13. Qd2 Kh7 14. 0-0 Ne7 15. Ne5 Rf8 16. Bd3 Nf5 17. Bb1 Nd7 18. Nf3 Nb6 19. Ne2 Bd7 20. Bxf5 exf5 21. d5 Rc8 22. Qb4 Re8 23. Rfe1 Re4 24. Bxb6 Qxb6 25. Qxb6 axb6 26. Nd2 Ree8 27. Kf1 Ra8 28. Rc2 Ra3 29. Nb3 Rea8 30. Nec1 Bf6 31. f3 f4 32. Rce2 Bh4 33. Rd1 Bf5 34. Nd4 Bd7 35. Re4 f5 36. Re2 Rc3 37. Rc2 Rxc2 38. Nxc2 Ra4 39. Nd3 Rxc4 40. Ne5 Rxc2 41. Nxd7 Rf2+ 42. Kg1 Rxa2 43. d6 Kg7 44. Kf1 Rf2+ 45. Kg1 Ra2 46. Kf1 Rf2+ 47. Kg1 Re2 48. Kf1 1/2-1/2

[Event "Polanica Zdroj op-D 48th"]
[Site "Polanica Zdroj"]
[Date "2012.08.21"]
[Round "4"]
[White "Szydlowski, Oskar"]
[Black "Mikolajczyk, Andrzej"]
[Result "0-1"]
[WhiteElo "1531"]
[BlackElo "1778"]
[PlyCount "44"]
[EventDate "2012.08.18"]
[EventType "swiss"]
[EventRounds "9"]
[EventCountry "POL"]
[SourceTitle "EXT 2014"]
[Source "ChessBase"]
[SourceDate "2013.11.20"]
[SourceVersion "1"]
[SourceVersionDate "2013.11.20"]
[SourceQuality "1"]

1. Nf3 d5 2. d4 Nf6 3. e3 e6 4. c4 Be7 5. Bd3 0-0 6. 0-0 dxc4 7. Bxc4 b6 8. Nc3 Bb7 9. Ne5 Nbd7 10. Nxd7 Qxd7 11. Qb3 a6 12. a4 Rab8 13. Rd1 Bd6 14. h3 Qe7 15. d5 b5 16. axb5 axb5 17. Nxb5 exd5 18. Nxd6 dxc4 19. Nxc4 Bxg2 20. Qc3 Bxh3 21. Ne5 Ne4 22. Nc6 Qg5+ 0-1

[Event "Polanica Zdroj op-D 48th"]
[Site "Polanica Zdroj"]
[Date "2012.08.19"]
[Round "2"]
[White "Zienowicz, Jozef"]
[Black "Mikolajczyk, Andrzej"]
[Result "1-0"]
[WhiteElo "1514"]
[BlackElo "1778"]
[PlyCount "79"]
[EventDate "2012.08.18"]
[EventType "swiss"]
[EventRounds "9"]
[EventCountry "POL"]
[SourceTitle "EXT 2014"]
[Source "ChessBase"]
[SourceDate "2013.11.20"]
[SourceVersion "1"]
[SourceVersionDate "2013.11.20"]
[SourceQuality "1"]

1. d4 d5 2. c4 e6 3. Nc3 Nf6 4. Bg5 Bb4 5. e3 0-0 6. a3 Be7 7. h3 Nbd7 8. c5 c6 9. Bf4 Ne4 10. Nxe4 dxe4 11. Qc2 f5 12. Bc4 Nf6 13. g4 Nd5 14. Ne2 Kh8 15. 0-0-0 b5 16. Bb3 a5 17. gxf5 exf5 18. Be5 Bg5 19. Rdg1 Bf6 20. Bxd5 Qxd5 21. Bxf6 Rxf6 22. Nf4 Qf7 23. h4 b4 24. a4 Be6 25. h5 Bb3 26. Qe2 Bxa4 27. Ng6+ Kg8 28. Ne5 Qa2 29. Qc4+ Qxc4+ 30. Nxc4 Bb3 31. Nd6 h6 32. Rg3 Be6 33. Rhg1 Ra7 34. Rg6 Rxg6 35. Rxg6 Bd7 36. Nc4 Be8 37. Rd6 Kh7 38. Ne5 Rc7 39. Ng6 Bxg6 40. hxg6+ 1-0

[Event "Polanica Zdroj op-D 48th"]
[Site "Polanica Zdroj"]
[Date "2012.08.18"]
[Round "1"]
[White "Mikolajczyk, Andrzej"]
[Black "Waclawik, Joanna"]
[Result "1-0"]
[WhiteElo "1778"]
[BlackElo "1377"]
[PlyCount "107"]
[EventDate "2012.08.18"]
[EventType "swiss"]
[EventRounds "9"]
[EventCountry "POL"]
[SourceTitle "EXT 2014"]
[Source "ChessBase"]
[SourceDate "2013.11.20"]
[SourceVersion "1"]
[SourceVersionDate "2013.11.20"]
[SourceQuality "1"]

1. d4 d5 2. c4 e6 3. Nf3 Nc6 4. e3 Nf6 5. Nc3 b6 6. Be2 Bb7 7. 0-0 Be7 8. cxd5 Nxd5 9. e4 Nf6 10. a3 Qd7 11. d5 Nb8 12. Ne5 Qc8 13. Bb5+ Kf8 14. Qf3 c6 15. Bc4 Nbd7 16. Nxd7+ Qxd7 17. dxe6 Qd4 18. Ba2 fxe6 19. Bxe6 Qe5 20. Ba2 Bd6 21. g3 Re8 22. Rd1 Rd8 23. Bf4 Qe7 24. e5 c5 25. exd6 Bxf3 26. dxe7+ Kxe7 27. Rxd8 Rxd8 28. Re1+ Kd7 29. Bg5 Rf8 30. Bxf6 Rxf6 31. Bd5 Bh5 32. Re5 Bg6 33. Be4 Bxe4 34. Rxe4 Rd6 35. Re2 a6 36. Kg2 h6 37. Ne4 Rd1 38. Rd2+ Rxd2 39. Nxd2 b5 40. Kf3 Ke6 41. Ke4 g6 42. Nb3 Kd6 43. f4 c4 44. Nd2 a5 45. Kd4 h5 46. h3 a4 47. g4 hxg4 48. hxg4 Kc6 49. f5 gxf5 50. gxf5 Kd6 51. Ne4+ Ke7 52. Kc5 b4 53. Kxb4 c3 54. bxc3 1-0

[Event "Polanica Zdroj op-D 47th"]
[Site "Polanica Zdroj"]
[Date "2011.08.26"]
[Round "7"]
[White "Kopera, Marek"]
[Black "Mikolajczyk, Andrzej"]
[Result "0-1"]
[WhiteElo "1589"]
[BlackElo "1783"]
[PlyCount "70"]
[EventDate "2011.08.20"]
[EventType "swiss"]
[EventRounds "9"]
[EventCountry "POL"]
[SourceTitle "EXT 2014"]
[Source "ChessBase"]
[SourceDate "2013.11.20"]
[SourceVersion "1"]
[SourceVersionDate "2013.11.20"]
[SourceQuality "1"]

1. Nf3 d5 2. c4 e6 3. d4 Nf6 4. Nc3 Bb4 5. Bg5 0-0 6. e3 c5 7. a3 Bxc3+ 8. bxc3 Qa5 9. Qc2 Ne4 10. Be7 Re8 11. Bxc5 Nxc5 12. dxc5 dxc4 13. Bxc4 Qxc5 14. Bd3 h6 15. 0-0 b6 16. Be4 Nc6 17. Nd4 Bb7 18. Bxc6 Bxc6 19. Nxc6 Qxc6 20. Rfd1 Rac8 21. Rac1 Rc7 22. Qb3 Rec8 23. Rc2 Qc5 24. Rdc1 Rd8 25. Qb4 Rcd7 26. h3 Qe5 27. Rf1 Rd1 28. Rc1 R1d2 29. Qe7 R8d7 30. Qb4 R7d3 31. Qa4 Qc7 32. Qe8+ Kh7 33. Qa4 Qb7 34. Qb3 Rxe3 35. Rfd1 Rg3 0-1

[Event "Polanica Zdroj op-C 45th"]
[Site "Polanica Zdroj"]
[Date "2009.08.25"]
[Round "8"]
[White "Adamczewski, Jedrzej"]
[Black "Mikolajczyk, Andrzej"]
[Result "1/2-1/2"]
[WhiteElo "1710"]
[BlackElo "1822"]
[PlyCount "60"]
[EventDate "2009.08.18"]
[EventType "swiss"]
[EventRounds "9"]
[EventCountry "POL"]
[SourceTitle "CBM 132 Extra"]
[Source "ChessBase"]
[SourceDate "2009.11.03"]
[SourceVersion "1"]
[SourceVersionDate "2009.11.03"]
[SourceQuality "1"]

1. e4 c5 2. Nf3 d6 3. d4 cxd4 4. Nxd4 Nf6 5. Nc3 a6 6. Bg5 e6 7. f4 Be7 8. Qf3 Qc7 9. 0-0-0 Nbd7 10. g4 b5 11. Bxf6 Nxf6 12. Bd3 Bb7 13. g5 Nd7 14. h4 b4 15. Nce2 Nc5 16. h5 d5 17. e5 Nxd3+ 18. Qxd3 Qc4 19. Kb1 Qxd3 20. cxd3 Kd7 21. h6 g6 22. Kc2 Rhc8+ 23. Kd2 Rc5 24. Nb3 Rc7 25. Rc1 Rac8 26. Rxc7+ Rxc7 27. Ned4 Bc6 28. Rc1 Ba4 29. Rxc7+ Kxc7 30. Nc1 Bc5 1/2-1/2

[Event "Polanica Zdroj op-C 44th"]
[Site "Polanica Zdroj"]
[Date "2008.08.27"]
[Round "9"]
[White "Kwapisiewicz, Karol"]
[Black "Mikolajczyk, Andrzej"]
[Result "1-0"]
[WhiteElo "1725"]
[BlackElo "1846"]
[PlyCount "60"]
[EventDate "2008.08.19"]
[EventType "swiss"]
[EventRounds "9"]
[EventCountry "POL"]
[SourceTitle "CBM 126 Extra"]
[Source "ChessBase"]
[SourceDate "2008.11.05"]
[SourceVersion "1"]
[SourceVersionDate "2008.11.05"]
[SourceQuality "1"]

1. d4 Nf6 2. Bg5 Ne4 3. Bf4 d5 4. Nd2 Bf5 5. Ngf3 Nc6 6. c3 e6 7. e3 a6 8. Nxe4 Bxe4 9. Bd3 Bxd3 10. Qxd3 Bd6 11. Bxd6 Qxd6 12. Rc1 0-0 13. 0-0 h6 14. c4 dxc4 15. Qxc4 Rac8 16. Qb3 Rb8 17. Rc5 Rfc8 18. Rfc1 Ne7 19. Qc2 c6 20. b4 Rd8 21. a4 b6 22. Rc4 b5 23. Rc5 Nd5 24. Rb1 bxa4 25. Qxa4 Rb6 26. Ne5 Ne7 27. Nc4 Qb8 28. Nxb6 Qxb6 29. Qa5 Rb8 30. Qxb6 Rxb6 1-0

[Event "Polanica Zdroj op-C 44th"]
[Site "Polanica Zdroj"]
[Date "2008.08.25"]
[Round "7"]
[White "Tymcio, Mariusz"]
[Black "Mikolajczyk, Andrzej"]
[Result "0-1"]
[WhiteElo "1684"]
[BlackElo "1846"]
[PlyCount "80"]
[EventDate "2008.08.19"]
[EventType "swiss"]
[EventRounds "9"]
[EventCountry "POL"]
[SourceTitle "CBM 126 Extra"]
[Source "ChessBase"]
[SourceDate "2008.11.05"]
[SourceVersion "1"]
[SourceVersionDate "2008.11.05"]
[SourceQuality "1"]

1. e4 c5 2. Nf3 d6 3. d4 cxd4 4. Nxd4 Nf6 5. Nc3 a6 6. Bg5 e6 7. f4 Be7 8. Qf3 Qc7 9. 0-0-0 Nbd7 10. Bd3 b5 11. Rhe1 Bb7 12. g4 b4 13. Nd5 Nxd5 14. exd5 Bxd5 15. Be4 Ne5 16. fxe5 Bxg5+ 17. Kb1 Bxe4 18. Qxe4 d5 19. Qd3 0-0 20. h4 Be7 21. Qg3 Rac8 22. g5 Bc5 23. Re2 Qb6 24. Qg4 a5 25. h5 Bxd4 26. Rxd4 Rc4 27. Rxc4 dxc4 28. g6 fxg6 29. Re1 Qc6 30. hxg6 h6 31. Rd1 c3 32. Qh4 Qf3 33. Qd4 Qf5 34. bxc3 bxc3 35. Qxc3 Qxg6 36. Qxa5 Rb8+ 37. Ka1 Qxc2 38. Rd8+ Rxd8 39. Qxd8+ Kh7 40. Qb8 h5 0-1

[Event "Polanica Zdroj op-C 44th"]
[Site "Polanica Zdroj"]
[Date "2008.08.23"]
[Round "5"]
[White "Eggink, Ryszard"]
[Black "Mikolajczyk, Andrzej"]
[Result "1-0"]
[WhiteElo "1718"]
[BlackElo "1846"]
[PlyCount "107"]
[EventDate "2008.08.19"]
[EventType "swiss"]
[EventRounds "9"]
[EventCountry "POL"]
[SourceTitle "CBM 126 Extra"]
[Source "ChessBase"]
[SourceDate "2008.11.05"]
[SourceVersion "1"]
[SourceVersionDate "2008.11.05"]
[SourceQuality "1"]

1. e4 c5 2. Nf3 d6 3. d4 cxd4 4. Nxd4 Nf6 5. Nc3 a6 6. Be2 e6 7. 0-0 Be7 8. Be3 0-0 9. f4 Qc7 10. f5 Nc6 11. g4 Nxd4 12. Bxd4 h6 13. Qd2 b5 14. a3 Bb7 15. Bf3 Rad8 16. Qe3 Rc8 17. Qd2 Nh7 18. Bg2 Bg5 19. Be3 Bxe3+ 20. Qxe3 Qc5 21. Qxc5 Rxc5 22. Rad1 Rd8 23. Rd2 Nf6 24. h3 exf5 25. exf5 Bxg2 26. Kxg2 Kf8 27. Re1 Rc7 28. Kf3 d5 29. Re5 Re7 30. Kf4 Rxe5 31. Kxe5 Re8+ 32. Kf4 Rc8 33. h4 Rc5 34. Kf3 d4 35. Nd1 d3 36. Ne3 dxc2 37. Rxc2 Rxc2 38. Nxc2 Nd5 39. Ke4 Nc7 40. Nb4 a5 41. Nc6 a4 42. Kd4 Ke8 43. Kc5 f6 44. Nd4 Kd7 45. Nxb5 Na6+ 46. Kb6 Nb8 47. Nc3 Nc6 48. Nxa4 Ne5 49. Kb7 Nxg4 50. Nb6+ Kd6 51. a4 Nf2 52. a5 Nd3 53. Nc4+ Kd5 54. Kb6 1-0

[Event "Polanica Zdroj op-C 44th"]
[Site "Polanica Zdroj"]
[Date "2008.08.19"]
[Round "1"]
[White "Ostalska, Natalia"]
[Black "Mikolajczyk, Andrzej"]
[Result "0-1"]
[WhiteElo "1518"]
[BlackElo "1846"]
[PlyCount "96"]
[EventDate "2008.08.19"]
[EventType "swiss"]
[EventRounds "9"]
[EventCountry "POL"]
[SourceTitle "CBM 126 Extra"]
[Source "ChessBase"]
[SourceDate "2008.11.05"]
[SourceVersion "1"]
[SourceVersionDate "2008.11.05"]
[SourceQuality "1"]

1. e4 c5 2. c3 d5 3. exd5 Qxd5 4. d4 cxd4 5. cxd4 Nc6 6. Nf3 e6 7. Nc3 Qd8 8. Bf4 Nf6 9. Bc4 Bd6 10. Ne5 0-0 11. 0-0 a6 12. Nxc6 bxc6 13. Qf3 Bxf4 14. Qxf4 Nd5 15. Qf3 Qb6 16. Bxd5 cxd5 17. Qd3 a5 18. Qd2 Bd7 19. Rac1 Rab8 20. b3 h6 21. h3 Rfc8 22. Ne2 Bb5 23. Rxc8+ Rxc8 24. Rc1 Ra8 25. Nc3 Bd7 26. Qd3 Rc8 27. Ne2 Rxc1+ 28. Nxc1 Qb4 29. Qe3 Bb5 30. Nd3 Bxd3 31. Qxd3 Qe1+ 32. Qf1 Qd2 33. Qb5 Qxa2 34. Qe8+ Kh7 35. Qxf7 Qxb3 36. Qxe6 Qb1+ 37. Kh2 Qe4 38. Qxe4+ dxe4 39. d5 Kg8 40. f4 Kf7 41. f5 Ke7 42. g4 a4 43. h4 a3 44. g5 hxg5 45. hxg5 a2 46. f6+ gxf6 47. g6 a1Q 48. g7 Qa8 0-1

[Event "Polanica Zdroj op-C 43rd"]
[Site "Polanica Zdroj"]
[Date "2007.08.25"]
[Round "9.5"]
[White "Mikolajczyk, Andrzej"]
[Black "Karpinski, Bartlomiej"]
[Result "0-1"]
[WhiteElo "1857"]
[BlackElo "1808"]
[PlyCount "98"]
[EventDate "2007.08.17"]
[EventType "swiss"]
[EventRounds "9"]
[EventCountry "POL"]
[SourceTitle "CBM 120 Extra"]
[Source "ChessBase"]
[SourceDate "2007.11.01"]
[SourceVersion "1"]
[SourceVersionDate "2007.11.01"]
[SourceQuality "1"]

1. e4 c5 2. Nf3 Nc6 3. d4 cxd4 4. Nxd4 g6 5. Nc3 Bg7 6. Be3 d6 7. Bc4 Nf6 8. f3 Bd7 9. Qd2 a6 10. Bb3 Na5 11. 0-0-0 0-0 12. g4 Nxb3+ 13. Nxb3 Qc7 14. g5 Nh5 15. Nd5 Qd8 16. Bb6 Qe8 17. Nc7 Qc8 18. Nxa8 Qxa8 19. Bd4 Rc8 20. Bxg7 Nxg7 21. Kb1 b5 22. h4 Qc6 23. Rh2 Qc4 24. Qd4 Be6 25. Qxc4 Bxc4 26. Nd4 Ne6 27. Nxe6 Bxe6 28. h5 Kg7 29. hxg6 fxg6 30. Rd4 Rf8 31. Rf2 Rf4 32. Rdd2 Rh4 33. Rh2 Rf4 34. Rdf2 d5 35. exd5 Bxd5 36. Kc1 e5 37. Rd2 Bg8 38. Rd7+ Bf7 39. Re7 Rf5 40. Re2 Rxg5 41. R2xe5 Rg3 42. f4 Rf3 43. Re4 h5 44. Kd2 Rf2+ 45. Kd3 h4 46. Rc7 h3 47. Re3 h2 48. Rh3 Rf3+ 49. Rxf3 h1Q 0-1